00483nam a22001697a 450000500170000001000150001702000110003203500140004303700130005708200110007024500940008125000090017526000370018427000460022130000210026770000250028820210817124216.0 aENG-129876 c100.00 aEN-113408 bDBAD/PUB a181.45 aLecture series publication on understanding the utility and similarity of yoga and namaz: a2020 aKolkatabParul Prakashani c2020 bKolkataa8/3 Chintamoni Das Lane e700009 a55p.c23cm (pbk) a Chatterjee,KIngshuk